Educació, municipis i República / Rafael Aracil i Antoni Segura (coordinadors)
ISBN:
84-475-3121-x
Publicado:
Barcelona :
Diputació de Barcelona : Universitat de Barcelona. Centre d'Estudis Històrics Internacionals ,
2006
Descripción Física:
129 p. : il. ; 28 cm
MARC
| LEADER | 00000nam a2200000Ia 4500 | ||
|---|---|---|---|
| 001 | 18464 | ||
| 008 | 160829s2006 xx 000 0 cat d | ||
| 020 | |a 84-475-3121-x | ||
| 080 | |a H-3-5 | ||
| 245 | |a Educació, municipis i República / Rafael Aracil i Antoni Segura (coordinadors) | ||
| 260 | |a Barcelona : |b Diputació de Barcelona : |b Universitat de Barcelona. Centre d'Estudis Històrics Internacionals, |c 2006 | ||
| 300 | |a 129 p. : |b il. ; |c 28 cm | ||
| 590 | |a Bibliografia | ||
| 650 | |a Espanya |x Història |x 1931/1939, Segona República |9 32531 | ||
| 650 | |a Espanya |x Política educativa |x Història |9 40120 | ||
| 700 | |a Universitat de Barcelona. Centre d'Estudis Històrics Internacionals |9 40121 | ||
| 700 | 1 | |a Aracil i Martí, Rafael |9 40122 | |
| 700 | |a Segura i Mas, Antoni, coord. |9 40123 | ||
| 710 | 1 | |a Barcelona (Catalunya : Província). |b Diputació |9 52408 | |
| 901 | |a Arxiu | ||
| 942 | |n 1 | ||
| 952 | |0 0 |1 0 |4 0 |6 H35 |7 1 |9 49424 |a Arxiu |b Arxiu |d 2016-12-01 |l 0 |o H-3-5 |p 18464 |r 2016-12-01 00:00:00 |w 2016-12-01 |y ARXIU | ||
| 999 | |c 53266 |d 53266 | ||